LEADER 00933nam0-22002891i-450- 001 990008452410403321 005 20070118111125.0 035 $a000845241 035 $aFED01000845241 035 $a(Aleph)000845241FED01 035 $a000845241 100 $a20070118g19601960km-y0itay50------ba 101 0 $afre 102 $aFR 105 $ay-------001yy 200 1 $a<>actes des premiers sultans conserves dans les manuscrits turcs de la Bibliotheque Nationale a Paris$fpar Nicoara Beldiceanu 210 $aParis La Haye$cMouton$d1960- 215 $av.$d27 cm 676 $a340$v11 rid.$zita 700 1$aBeldiceanu,$bNicoara$0162008 801 0$aIT$bUNINA$gRICA$2UNIMARC 901 $aBK 912 $a990008452410403321 952 $aSDI-2KD 698 (1-2)$b1889$fSDI 959 $aSDI 996 $aActes des premiers sultans conserves dans les manuscrits turcs de la Bibliotheque Nationale a Paris$9728309 997 $aUNINA